Slávna päťka 7 Päťka ide táboriť

Bibliographic Details
Main Author: Blyton, Enid, 1897-1968 (Author)
Other Authors: Klenková, Mária (Translator), Lajda, Stanislav, 1959- (Bookjacket designer)
Format: Book
Language:Slovak
English
PhysicalDescription:158 s. ilustr. 18 cm
Published: Bratislava Egmont Neografia 1994
ISBN:8071346438
Edition:1. vyd.
Subjects:

MARC

LEADER 00000cam a2200000 a 4500
001 vtls001075898
003 SK-MaSNL
005 20260302063927.0
008 240606s1994 xo a b 0000j slo
015 |a SNBA1994/08 
020 |a 8071346438 
035 |a SNK000018731 
040 |a SNK  |b slo  |c SNK  |e AACR2 
041 1 |a slo  |h eng 
044 |a xo  |c SK 
072 7 |a 821.111-3  |x Anglická próza, anglicky písaná  |2 konspekt 
072 7 |a 821-93  |x Literatúra pre deti a mládež (beletria)  |2 konspekt 
080 |a 820-3(087.5)  |2 1981 
080 |a 821.111-32  |2 2011 
080 |a (0:82-321.3)  |2 2011 
100 1 |a Blyton, Enid,  |d 1897-1968  |4 aut  |9 85699 
240 1 4 |a The famous Five. Five go off to camp  |l Slovensky 
245 1 0 |a Slávna päťka  |n 7  |p Päťka ide táboriť  |c Enid Blyton ; z anglického originálu The famous Five. Five go off to camp ... preložila Mária Klenková 
246 3 0 |a Päťka ide táboriť 
250 |a 1. vyd. 
260 |a Bratislava  |b Egmont Neografia  |c 1994  |e Banská Bystrica  |f Tlačiarne BB 
300 |a 158 s.  |b ilustr.  |c 18 cm 
655 7 |a anglické príbehy  |2 SNKPH  |9 70612 
655 7 |a dobrodružné príbehy  |2 SNKPH  |9 70626 
655 7 |a príbehy pre deti  |2 SNKPH  |9 86749 
655 7 |a literatúra pre deti  |2 SNKPH  |9 87135 
700 1 |a Klenková, Mária  |4 trl  |9 245694 
700 1 |a Lajda, Stanislav,  |d 1959-  |4 bjd  |9 90553 
852 |a Slovenská národná knižnica 
919 |a 80-7134-643-8 
954 |a beletria cudzojazyčná (svetová)  |2 lita 
958 |a LX 
958 |a DB 
958 |a TL 
958 |a UP 
958 |a NS 
968 |b ENG 
999 |c 1134840  |d 1136770 
952 |t P60, <05>, [BOOK], {605}  |a SNK  |b SNK  |y PREZ  |7 0  |p 17A0064512  |o snkSD 64918/7 D1  |0 0  |1 0  |4 0  |d 1997-04-30  |l 0  |r 2004-12-31 00:00:00  |w 2026-02-24 
952 |a SNK  |b SNK  |y PREZ  |7 0  |p 17A1045572  |o snkSD 64918/7   |0 0  |1 0  |4 0  |d 2013-07-19  |l 0  |r 2026-02-24 19:15:43  |w 2026-02-24